People and penalties (Record no. 79044)

MARC details
000 -LEADER
fixed length control field 01118cab a22002175a 4500
001 - CONTROL NUMBER
control field L139503
008 - FIXED-LENGTH DATA ELEMENTS--GENERAL INFORMATION
fixed length control field 070730s2007 xxk f 000 0 eng d
035 ## - SYSTEM CONTROL NUMBER
System control number (Sirsi) u139503
041 0# - LANGUAGE CODE
Language code of text/sound track or separate title eng
110 2# - MAIN ENTRY--CORPORATE NAME
Corporate name or jurisdiction name as entry element Letting Update Journal
9 (RLIN) 5294
245 00 - TITLE STATEMENT
Title People and penalties
Remainder of title complying with the new legislation
260 ## - PUBLICATION, DISTRIBUTION, ETC.
Date of publication, distribution, etc. 2007
490 ## - SERIES STATEMENT
Series statement Letting Update Journal
Volume/sequential designation 15(2) July 2007, 19-21(3)
520 ## - SUMMARY, ETC.
Summary, etc. Examines the Housing Act 2004's new definition of a Relevant Person. This means anyone who provides a deposit on behalf of a tenant. This might be a council, a relative or a friend. Questions how the Relevant Person is known to exist for the contract. Examines the concept of the Lead Tenant, a position recognised by the Deposit Protection Service. Also addresses the new laws regarding post tenancy contact and the provision of the landlord's address.
590 ## - LOCAL NOTE (RLIN)
Local note KA
650 24 - SUBJECT ADDED ENTRY--TOPICAL TERM
Topical term or geographic name entry element HOUSING ACT 2004 PART VI
650 24 - SUBJECT ADDED ENTRY--TOPICAL TERM
Topical term or geographic name entry element ASSURED TENANCIES
651 #4 - SUBJECT ADDED ENTRY--GEOGRAPHIC NAME
Geographic name United Kingdom
Chronological subdivision
690 ## - LOCAL SUBJECT ADDED ENTRY--TOPICAL TERM (OCLC, RLIN)
Topical term or geographic name as entry element PROPERTY-RESIDENTIAL PROPERTY-RESIDENTIAL LANDLORD AND TENANT-RESIDENTIAL TENANCIES-ASSURED TENANCIES
942 ## - ADDED ENTRY ELEMENTS (KOHA)
Suppress in OPAC 0
Holdings
Withdrawn status Lost status Source of classification or shelving scheme Damaged status Not for loan Home library Current library Shelving location Date acquired Total Checkouts Full call number Barcode Date last seen Copy number Price effective from Koha item type
    Dewey Decimal Classification     London London Journal article 30/07/2007   L139503 139503-1001 06/08/2019 1 06/08/2019 Journal article